Países con más gitanos - Estadísticas

Estadísticas generales
  • Esta prueba ha sido intentada 134 veces
  • La puntuación promedio es 10 de 15
Estadísticas de respuestas
# Respuesta % Correcto
725.000 España
100%
2.000.000 Rumania
88%
400.000 Francia
87%
105.000 Alemania
81%
140.000 Italia
78%
55.000 Portugal
73%
225.000 Reino Unido
73%
700.000 Bulgaria
72%
1.100.000 Estados Unidos
72%
500.000 Hungria
67%
265.000 Grecia
66%
1.000.000 Brasil
50%
300.000 Republica Checa
42%
450.000 Eslovaquia
38%
2.300.000 Egipto
35%
No se encontraron pruebas coincidentes
Distribución de puntuación
Porcentaje de gente con cada puntuación
Porcentaje por número respondido
Historial de tus puntuaciones
No has intentado esta prueba.